[Event "Dov Porath Memorial"]
[Site "Givataim"]
[Date "2004.10.04"]
[Round "2"]
[White "Ribshtein, Nati"]
[Black "Mikhalevski, Victor"]
[Result "0-1"]
[WhiteElo "2384"]
[BlackElo "2566"]
[Annotator "Mikhalevski,V"]
[PlyCount "48"]
[EventDate "2004.10.03"]
[EventType "swiss"]
[EventRounds "7"]
[EventCountry "ISR"]
[SourceTitle "CBM 104"]
[Source "ChessBase"]
[SourceDate "2005.01.27"]
[SourceVersion "1"]
[SourceVersionDate "2005.01.27"]
[SourceQuality "1"]

1. e4 e5 2. Nf3 Nc6 3. Bc4 Bc5 4. c3 Nf6 5. d3 d6 6. Nbd2 a6 7. Bb3 Ba7 8. h3 {
For some reason I thought that this moves order is inaccurate. So during the
game I decided to exploit it by playing} (8. Nf1 {is the main alternative.})
8... Nh5 $5 $146 {The idea behind the move is very simple. Black wants either
to bring his knight to f4 or to force weakening of the kingside g3, which
would make castling more difficult.} ({Usually Black chooses between 8...Ne7
and 8...0-0. Here are two recent examples:} 8... Ne7 9. Nf1 Ng6 10. Ng3 O-O 11.
O-O Be6 12. d4 Re8 13. dxe5 Nxe5 14. Nxe5 Bxb3 15. Qxb3 Rxe5 16. Qxb7 Bb6 17.
Qc6 Qe8 18. Qxe8+ Raxe8 $15 {1/2-1/2 Rodriguez,A-Sasikiran,K/Calvia ESP 2004/
The Week in Chess 519 (23). (23)}) (8... O-O 9. Nf1 d5 10. Qe2 dxe4 11. dxe4
Qe7 12. Ng3 Be6 13. Bc2 Rfe8 14. Nh4 Qf8 15. Nhf5 Ne7 16. Bg5 Bxf5 $2 17. exf5
Ned5 18. O-O-O $16 {1-0 Tiviakov,S-Sargissian,G/Tripoli LBA 2004/CBM102[Lukacs]
}) 9. Nf1 Nf4 10. Bxf4 exf4 {Black gives up the centre, but obtains an
advantage of a bishop pair. Moreover the white knight on f1 is misplaced and
has to return to d2. I though that this would be a sufficient ground to
consider my idea playable.} 11. N1d2 Qf6 12. d4 O-O 13. O-O Bd7 {I wanted ny
queen rook on e8 as the other rook may be useful on f8, for example preparing
f5.} 14. Ne1 {Preparing regrouping of pieces. The knight goes to d3 and the
queen to either f3 or h5.} Rae8 15. Nd3 $6 {This allows Black to equalize, if
he wants.} (15. Qh5 $5 {was interesting preventing Qh6.}) ({Another idea which
I was considering during the game is} 15. Qf3 Qh4 $5 {Preparing a double
sacrifice.} 16. Nd3 Bxd4 $1 17. cxd4 (17. Qxf4 Bf6 $1) 17... Nxd4 18. Qd1 Bxh3
$1 19. gxh3 Qxh3 20. Nxf4 Qh6 $13 {[%csl Rd2,Rg1][%cal Gh6d2] with a
complicated endgame.}) 15... Qh6 {Preparing an offensive on the kingside.} ({
I thought that it's too difficult to win a position which would arise after} 
15... f3 $5 16. Qxf3 Qxf3 17. Nxf3 Rxe4 $11 {and so played differently.}) 16.
Re1 (16. Qf3 g5) 16... Kh8 17. Qf3 g5 (17... f5 $2 {is wrong in view of} 18.
Qxf4 Qxf4 19. Nxf4 fxe4 20. Nd5 {[%csl Rc7,Re4] and Black loses a pawn.}) 18.
e5 dxe5 19. d5 $2 {White has completely missed my idea.} (19. Nxe5 {was
necessary and after} Nxe5 20. dxe5 Bc6 21. Qg4 (21. Bd5 Bxd5 22. Qxd5 Rd8 23.
Qxb7 Bxf2+ $1 {is dangerous for White.}) 21... Qg6 22. Nf3 {and White doesn't
run risks.}) 19... f5 $1 {A very strong move, which puts White on the edge.
There are too many black pawns on the kingside!} 20. dxc6 Bxc6 21. Qd1 e4 22.
Nc4 (22. Nb4 e3 $1 23. Re2 f3 $1 {is also hopeless for White.}) 22... Qh4 $1 {
The pawns are stronger than pieces!} (22... exd3 $5 {was also enough for a
decisive advantage, but I want more!}) 23. Nce5 f3 $5 {[%cal Gh4g3] With a
very unpleasant threat of Qg3, which White suddenly misses.} ({Probably now} 
23... exd3 $1 {[%csl Rf2] was objectively better.} 24. Nxd3 $140 Qg3 $19) 24.
Nxc6 $2 {loses at once.} ({However even after the best} 24. Kh2 Bxf2 $1 25.
Nxf2 Qxf2 26. Nxf3 exf3 {White is completely lost.}) 24... Qg3 $1 {Now White
can't avoid mate in a few moves and so he resigned. Philidor would be happy to
see the march of the black pawns!} 0-1

[Event "Gashimov Memorial 3rd"]
[Site "Shamkir"]
[Date "2016.05.29"]
[Round "4"]
[White "Mamedov, Rauf"]
[Black "Caruana, Fabiano"]
[Result "0-1"]
[WhiteElo "2655"]
[BlackElo "2804"]
[Annotator "Mokal,P"]
[PlyCount "102"]
[EventDate "2016.05.26"]
[EventType "tourn"]
[EventRounds "9"]
[EventCountry "AZE"]
[EventCategory "20"]
[SourceTitle "CBM 173"]
[Source "ChessBase"]
[SourceDate "2016.07.12"]
[SourceVersion "1"]
[SourceVersionDate "2016.07.12"]
[SourceQuality "1"]

1. e4 e5 2. Nf3 Nc6 3. Bc4 Bc5 4. c3 Nf6 5. d3 a6 6. O-O d6 7. a4 Ba7 8. Bg5 {
A rare move, tried by Andreikin against Nyback at the World Cup in 2009.} h6 9.
Bh4 g5 10. Bg3 Ne7 {[%cal Ge7g6] A typical manoeuvre in the open games.} ({
The above mentioned game went} 10... Bg4 11. Nbd2 (11. h3 $5) 11... Nh5 12. Kh1
Nf4 13. b4 O-O 14. b5 axb5 $5 15. axb5 Ne7 16. Qc2 Neg6 $132 {1-0 Andreikin,D 
(2636)-Nyback,T (2628)/Khanty Mansiysk 2009/CBM 134 (37)}) 11. d4 {[%cal Gc6e7,
Gd3d4] A standard reaction, but in this position it comes with a sacrifice.} ({
Previously White tried} 11. Nbd2 {but did not pose any major problems for
Black. For example} Ng6 12. Re1 (12. d4 Qe7 13. Re1 Nh7 14. h3 h5 15. Nf1 g4
$36 {0-1 Yudin,S (2530)-Harutyunian,T (2452)/Kazan RUS 2016}) 12... O-O 13. Nf1
Kg7 14. Ne3 Nf4 $132 {1/2-1/2 Mucha,A (2005)-Bensdorp,M (2288)/Khanty Mansiysk
2010}) 11... Nxe4 12. Nxe5 O-O {A safe move. Probably Caruana wanted to avoid
Mamedov's preparation and chose to keep the waters calm.} (12... dxe5 13. Bxe5
(13. Qf3 $2 Bf5 14. Bxe5 f6 $19) (13. Qh5 Ng6 $19) 13... O-O (13... f6 $6 14.
Qh5+ $40) (13... Nd6 $5 14. Bxh8 (14. Bb3 Rg8 $15) 14... Nxc4 15. Re1 Be6 $13)
14. Qf3 {[%csl Rf6][%cal Gf3e4,Gf3f6]} (14. Re1 Bf5 (14... Nd6 15. Qh5 $16) 15.
g4 Bg6 16. Qf3 {- 14.Qf3.}) 14... Bf5 15. g4 Bg6 16. Re1 (16. Nd2 {[%cal Gf3f6]
} Nxd2 17. Qf6 Nf3+ $1 18. Qxf3 Nc6 $17) 16... Nc6 (16... c5 $5 17. Rxe4 Nc6
$132) 17. Rxe4 Bxe4 18. Qxe4 Nxe5 19. Qxe5 (19. dxe5 Qd1+ 20. Kg2 {[%cal Ge4g6,
Gc4d3,Gg6h7]} Kg7 21. Qf5 Rad8 22. Qf6+ Kh7 23. Qf5+ Kg7 $11) 19... Qd7 {
[%cal Gd7g4]} (19... Qe8 20. Qf6 $11) 20. Qe4 {[%cal Ge4g6]} Kg7 21. Bd3 Rh8
22. Nd2 $13 {Things are still a bit unclear for example} Rae8 23. Qf3 c5 24.
Ne4 {[%cal Ge4f6,Ge4g3] with chances for both sides.}) 13. Nxf7 $6 {White
continues to play sharply.} ({Black is doing fine after} 13. Nd3 $5 Bf5) ({
as well as} 13. Ng4 Bxg4 14. Qxg4 d5 15. Bd3 f5 $13) 13... Rxf7 14. Bxf7+ Kxf7
15. f4 g4 $1 {It seems very sensible to keep the position closed, considering
the material imbalance and a vulnerable Black K.} 16. f5 Nxg3 17. hxg3 Ng8 {
Giving up material to simplify the position.} ({Black could have kept the P
with} 17... Qg8 $5 {although after} 18. Qd3 {[%csl Rf7][%cal Gd3c4] White
keeps some compensation and activity with the Qs on the board.} (18. Nd2 Nxf5
$15 (18... d5 $5 $15)) 18... Nd5 19. Qc4 (19. c4 $2 Nb4 $19 {[%csl Rd4][%cal
Gb4c6]}) 19... Kf8 20. Nd2 Bd7 21. Rae1 Qf7 $15) 18. Qxg4 Qg5 $1 19. Qxg5 $6 ({
In line with the 17...Qg8 18.Qd3 variation, here too White could have kept
decent practical chances by keeeping his Q active (and avoiding the Q exchange)
with the move} 19. Qe2 {.} {Black's best try would probably be} c5 (19... Bd7 {
is slow.} 20. Nd2 Re8 21. Ne4 $1 $16) 20. Nd2 $1 (20. Qc4+ Kg7 $17 {gives
nothing to White.}) 20... cxd4 21. cxd4 Nf6 (21... Bxd4+ 22. Kh1 d5 $132) 22.
Qd3 (22. Rae1 Bxd4+ 23. Kh1 Qh5+ 24. Qxh5+ Nxh5 $17) (22. Rf4 {[%cal Gf4d4]}
Bd7 $15 (22... Qxg3 23. Re1 $1 $132 {[%cal Ge2e7] with a likely draw after}))
22... Bd7 $13 {with chances for both sides.} (22... d5 23. Rae1 {[%cal Gd2f3,
Gf3e5]})) 19... hxg5 20. Nd2 Nf6 {This natural move gives White breathing
space.} ({Black had a powerful option in} 20... c5 $1 21. Ne4 (21. Nb3 Nf6 $19)
(21. dxc5 $6 Bxc5+ 22. Kh1 Nf6 $17 {[%cal Gc8d7,Ga8h8,Gc5g1]}) (21. d5 c4+ 22.
Kh2 Nf6 $15) 21... cxd4 22. cxd4 (22. Nxg5+ Kg7 $17 (22... Kf6 $5 {allows
unnecessary complications with} 23. Ne4+ Ke5 24. Rae1)) (22. Nxd6+ Ke7 23.
Nxc8+ Rxc8 24. Rae1+ Kf7 $19) 22... Bxd4+ 23. Kh2 Nf6 24. Nxg5+ (24. Rad1 Bg1+
$1 25. Kxg1 Nxe4 $17) 24... Kg7 25. Rac1 Bd7 {[%cal Ga8h8,Gf6g4,Gd7c6]} 26. Rc7
Rh8+ 27. Nh3 Kf8 28. Rxb7 $2 Ng4+ 29. Kh1 Rxh3+ 30. gxh3 Bc6+ $19) 21. Nf3 Nh7
$5 {[%csl Ge5,Rf3,Gg5,Gh4] Not allowing White's pieces to become active, so
that Black can get enough time to coordinate his own pieces.} (21... Ne4 $6 22.
Rae1 d5 23. Rxe4 dxe4 24. Nxg5+ $36) (21... g4 22. Ng5+ Kf8 23. Rae1 $132) ({
Although, It was worth considering} 21... Bxf5 $5 22. Nxg5+ Kg6 23. Nf3 Bd3 24.
Nh4+ Kg7 25. Nf5+ (25. Rf3 Be4 26. Rf4 c5 $15) 25... Bxf5 26. Rxf5 c5 $15 {
with practical chances for Black.}) 22. g4 (22. Nh2 c5 $1 $17) 22... Bd7 23.
Rfe1 Rg8 ({Exchanging a R would make matters worse for Black as the N would
remain stuck, defending g5. For example} 23... Re8 24. Rxe8 Bxe8 25. Kf2 {
[%csl Rh7][%cal Ga1h1,Gh1h7]} Bc6 26. Rh1 Kg7 27. Re1 Kf7 28. a5 $16 {[%csl
Ra7,Rh7] White can bring his K to the << and start pushing slowly.}) 24. Kf2 ({
Doubling the Rs did not offer enough, and would be somewhat similar to what
happened in the game later. For example} 24. Re2 Nf6 25. Rae1 Kf8 26. Re7 c5
27. d5 Bb6 28. Nd2 Bd8 $15 29. Rxd7 $5 Nxd7 30. Re6 Be7 $15) 24... Nf6 25. Kg3
c5 26. Re2 (26. dxc5 Bxc5 27. Re2 {was another try, but Black is pretty safe
and can slowly try to improve his position with} Bb6 {[%cal Gb6c7,Gd6d5]} ({
or the prophylactic} 27... Kf8 {[%cal Gd6d5]})) 26... cxd4 27. cxd4 Bb6 28. b3
$6 ({It made sense to take away some squares from the black B with} 28. b4 {
[%csl Rb6] giving White some chances to organise his play. For example} Bc6 29.
a5 Bd8 30. Rae1 Bd5 $11 {[%csl Re6,Re7,Rg5] and it's hard to find progress for
any side.}) 28... Bc6 29. Rae1 $6 (29. Rc1 $142 Bd8 30. b4 $5 {There is hardly
anything else.} (30. Rh1 $2 Ne4+ $17) (30. Rce1 Ba5 {transposes to the game.})
30... Bxa4 31. Rc8 Bc6 32. Ra8 Be4 $15) (29. b4 $2 Ne4+ 30. Kh2 Rh8+ 31. Kg1
Ng3 $19) 29... Ba5 30. Re7+ $6 {Missing Black's point.} (30. Rc1 Ne4+ 31. Kh2
Bd5 $15 {would be a comfortable advantage for Black, but was still White's
best chance.}) 30... Kf8 {Now White loses the exchange, no matter what.} 31.
R1e2 (31. R1e6 Bd8 32. Rxf6+ Kxe7 $17) 31... Bd8 32. R7e6 (32. R7e3 Nd5 33. Re6
(33. Rd3 Nf4 $17) 33... Nf4 $17) 32... Bd7 33. R6e3 (33. Rxd6 $4 Bc7 $19) 33...
Nd5 34. Re4 Nc3 35. d5 Bf6 (35... Rh8 36. Nd2 Nxe2+ 37. Rxe2 Rh1 $19) 36. Nd2
Rg7 (36... Nxe2+ $142 37. Rxe2 Be8 38. Ne4 Be5+ 39. Kf2 ({or} 39. Kf3 Bf7)
39... Bf7 $19) 37. Re1 Nxe4+ 38. Nxe4 Re7 $6 {The play around these moves was
inaccurate, probably due to time trouble for both sides.} (38... Be5+ $142 39.
Kf3 b5 40. axb5 Bxb5 $17) 39. Kf3 Kg7 40. Rh1 (40. Rd1 $142 Be8 41. Nxd6 Bf7
42. Nxf7 Kxf7 43. d6 Re8 (43... Rd7 44. Ke4 {[%cal Ge4d5]}) 44. d7 (44. Rd3 Re1
45. d7 Bd8) 44... Rd8 45. Rd6 Be5 $17) 40... Be8 {[%cal Ge8f7]} 41. Nxd6 Bf7
42. Nxf7 (42. Rd1 Rd7 43. Nxf7 Kxf7 $17) 42... Kxf7 {Finally the question of
time has cleared. Although White has 3 Ps for the B, the unfortunate
structural defects give Black a clear winning advantage.} 43. Rc1 (43. Rd1 Rc7
$17 {[%cal Gc7c3]}) 43... Bd4 44. Rc4 Bb6 (44... Re3+ $142 45. Kf2 Bb6 46. a5
Ba7 47. Kf1 Bb8 $1 48. Kf2 Rxb3 $19) 45. Re4 (45. Rc3 Kf6 $19) (45. d6 Re3+ 46.
Kf2 Rxb3+ $19) 45... Rxe4 46. Kxe4 Ke7 47. b4 (47. Ke5 Bc7+ 48. Kd4 (48. Ke4
Bg3 49. Kd4 Kd6 50. Ke4 (50. f6 Be5+ 51. Ke4 Bxf6 $19) 50... Be5 $19) 48... Bg3
49. Kc5 Bf2+ 50. Kc4 Kd6 $19) 47... Bd8 $1 {[%cal Ge7d6,Gd8f6] Finding the
right square for the right piece.} 48. a5 (48. Ke5 Bc7+ 49. Kd4 b6 $19) 48...
Kd6 49. Kd4 Bf6+ 50. Kc4 Bg7 51. b5 Bf6 (51... Bf6 52. bxa6 bxa6 $22 {[%csl
Rd5]}) 0-1

[Event "Sinquefield Cup 5th"]
[Site "Saint Louis"]
[Date "2017.08.10"]
[Round "8"]
[White "Karjakin, Sergey"]
[Black "So, Wesley"]
[Result "1-0"]
[WhiteElo "2773"]
[BlackElo "2810"]
[Annotator "Mokal,P"]
[PlyCount "125"]
[EventDate "2017.08.02"]
[EventType "tourn"]
[EventRounds "9"]
[EventCountry "USA"]
[EventCategory "22"]
[SourceTitle "CBM 180"]
[Source "ChessBase"]
[SourceDate "2017.09.13"]
[SourceVersion "1"]
[SourceVersionDate "2017.09.13"]
[SourceQuality "1"]

1. e4 e5 2. Nf3 Nc6 3. Bc4 Bc5 4. O-O Nf6 5. d3 O-O 6. h3 d6 7. c3 a6 8. a4 Ba7
9. Re1 h6 (9... Ne7 {has been a common choice of many top players like Carlsen,
Anand, Nakamura and Wesley So himself, but it has seen some uninspiring
results recently} 10. d4 Ng6 11. Nbd2 c6 (11... h6 12. Bb3 Re8 13. Bc2 b5 14.
b4 Bb7 15. Bb2 Qd7 16. c4 exd4 17. cxb5 d3 18. Bxd3 Nf4 19. Bf1 Nxe4 20. Nxe4
Bxe4 21. bxa6 $16 {1-0 Karjakin,S (2773)-Svidler,P (2749)/St. Louis USA 2017 
(39)}) 12. Bd3 ({Interestingly Karjakin and So played this position with
reversed colors previously -} 12. Bf1 Re8 13. dxe5 dxe5 14. Qc2 b5 15. b4 Be6
16. Nb3 Qe7 17. Bd2 h6 18. c4 $14 {1/2-1/2 So,W (2812)-Karjakin,S (2781)/
Stavanger 2017 (71)}) 12... Re8 (12... Nh5) 13. Bc2 h6 14. Nf1 exd4 15. cxd4 c5
16. d5 $14 {1-0 Kramnik,V (2808)-Carlsen,M (2832)/Stavanger 2017 (40)}) ({
Another major option for Black is} 9... b5 10. Bb3 (10. Ba2 b4 11. Bg5 Rb8 12.
Nbd2 h6 13. Bh4 Be6 14. Bc4 g5 15. Bg3 Na5 $5 16. Bxe6 fxe6 17. d4 $14 {
1/2-1/2 Harikrishna,P (2737)-Mamedyarov,S (2800)/Geneva 2017}) (10. axb5 $6
axb5 11. Bxb5 Bxf2+) 10... h6 (10... b4 11. a5 Rb8 12. Nbd2 Be6 13. Bc2 $5 h6
14. Nf1 d5 15. exd5 Nxd5 $132 {1/2-1/2 Vachier-Lagrave,M (2789)-Aronian,L 
(2799)/St. Louis USA 2017}) 11. axb5 axb5 12. Be3 Bd7 13. Bxa7 Rxa7 14. Nbd2
Rxa1 15. Qxa1 Nh5 16. Nf1 Qf6 {looked fine for Black in So,W -Nakamura,H St.
Louis USA 2017(69).}) 10. Nbd2 Be6 11. Bxe6 fxe6 12. b4 ({Just a day
previously this position had arisen in a game played in China:} 12. Nf1 Nh5 13.
Be3 a5 14. Bxa7 Rxa7 15. d4 Qf6 16. Re3 Nf4 17. h4 $6 Qg6 $40 {0-1 Ding Liren 
(2777)-Giri,A (2772)/Wenzhou CHN 2017(45)}) 12... Qe8 $146 {This transfer of
the queen to the kingside is a natural novelty} ({The World Champion had
chosen a different square for his queen:} 12... Nh5 13. Ra2 Qf6 14. Nc4 b5 15.
Ne3 Bb6 16. Ng4 Qe7 17. Be3 Bxe3 18. fxe3 Rab8 19. axb5 axb5 20. Ra6 Nd8 21. d4
$14 {Anand,V (2786)-Carlsen,M (2832)/Stavanger 2017(34), was pleasant for
White.}) 13. Nf1 Nh5 14. Be3 {Neutralising some of the pressure on the
kingside.} Bxe3 15. Rxe3 Nf4 16. Rb1 b5 {Stopping White's push on the
queenside.} ({It was interesting to ignore it with} 16... Qg6 $5 17. Ng3 Rf7 {
[%cal Ga8f8]} 18. b5 (18. d4 Raf8) 18... Na5 {but that would be another story.}
) 17. Ra1 Qg6 {A natural follow-up but...} ({...Wesley So missed a chance to
fight for the initiative in the centre with} 17... d5 $5 {[%cal Gd5d4] The
threat of ...d4 makes things a bit ugly for White, for example} 18. axb5 (18.
Qb3 $2 d4 $19) (18. d4 exd4 19. Nxd4 Nxd4 20. cxd4 Qg6 21. Ng3 h5 $36) (18. Re1
d4 19. cxd4 exd4 20. axb5 axb5 21. Rxa8 (21. Qb3 Nxh3+ $19) 21... Qxa8 22. Qb3)
18... axb5 19. Rxa8 Qxa8 20. d4 dxe4 21. Nxe5 Nd5 $15) 18. Ng3 Qf6 19. Ne2 Ng6
20. Qb3 Kh8 21. Rf1 Rab8 22. g3 Qf7 {Probably out of form, Black misses
another opportunity.} ({This was a chance for} 22... Nf4 $1 23. gxf4 (23. axb5
axb5 (23... Nxe2+ 24. Rxe2 Qxf3 25. Re3 Qh5 26. g4) 24. Nxf4 exf4 25. Ree1) (
23. Nxf4 exf4 24. Ree1 bxa4 25. Qxa4 (25. Qa3 Ne5 26. Nxe5 Qxe5 27. g4 Qb5)
25... fxg3 26. fxg3 Qxc3) 23... Qg6+ (23... exf4 24. Nxf4 Qxf4 25. axb5 axb5
26. Qxe6) 24. Kh1 exf4) 23. Nh2 d5 {[%csl Rc5] Starting activity in the centre
but weakening the c5-square. There is a difference between 17...d5 and now. At
move 17 the b4-pawn was unsupported which made ...d4 more powerful. The knight
on f3 was another target (for ...Nxh3) if White moved the queen from d1 and
the rook on e3. But now White freely exchanges the rook on e3 and his knights
are placed well enough to avoid any threats.} 24. Rf3 Qd7 25. axb5 axb5 26. Kg2
Rxf3 (26... d4 27. Rxf8+ Rxf8 28. cxd4 exd4 29. Rc1 $36) 27. Nxf3 Rf8 28. Neg1
(28. Ra1 $6 dxe4 29. dxe4 Rxf3 $1 30. Kxf3 Qd3+ 31. Kg2 Qxe2 $17) 28... Ra8 29.
Rc1 Qd6 30. Ne1 Nge7 31. Ngf3 Ng8 32. Nc2 Nf6 33. Re1 Rf8 34. Na3 Rb8 35. Nc2
Rf8 36. Na3 Rb8 {Both sides have been manoeuvring with their knights and rooks
and the position seems pretty much equal.} 37. Nb1 {[%cal Gb1d2,Gd2b3,Gb3c5]
Now, Karjakin shows his cards. He must have been eyeing up the c5-square for a
long time but it is only now that he deems fit to go for it.} Nd7 38. Nbd2 d4
$6 {This second commitment in the centre makes things a bit difficult for
Black. Wesley So could have continued waiting as he had his weakness covered
for now.} ({For example} 38... Ra8 39. Rc1 Ra4 (39... Nb6 {[%cal Gb6a4]} 40. c4
) 40. Qb2 Kg8 41. Nb3 Kh7 (41... d4 42. Nc5 dxc3 (42... Nxc5 43. bxc5 Qxc5 44.
cxd4 $16) 43. Qxc3 Nxc5 44. Qxc5 Qxc5 45. Rxc5 Nxb4 46. Nxe5 $36) {Now if
White exchanges with} 42. Ra1 Rxa1 43. Qxa1 (43. Nxa1 Nb6 44. Nb3 Na4) {
then Black has} 43... d4 $132 {[%csl Rb4]}) 39. Rc1 dxc3 $6 {As often happens
one mistake follows the other.} (39... Rb7 $142 40. cxd4 exd4 (40... Nxd4 41.
Nxd4 exd4 42. f4 $36) 41. Rxc6 $5 Qxc6 42. Nxd4 Qd6 43. Nxe6 $14) (39... Rb6
$142 40. c4 (40. cxd4 exd4 $13) 40... Nxb4 (40... Qxb4 41. cxb5 Qxb3 42. Nxb3
Rxb5 43. Rxc6 Rxb3 44. Rxc7 Nf6 45. Nxe5 $18) 41. c5 Nxc5 42. Qxb4 Nxd3 43.
Qxd6 cxd6 44. Rc7 $14 {[%cal Gd2b3]}) 40. Qxc3 Rb6 (40... Nxb4 41. Qxc7 Qxc7
42. Rxc7 Rd8 43. Ne1 (43. Rc3 Rb8 44. Nb3) 43... Nf6 (43... Na6 44. Rb7 b4 45.
Nb3 $16) 44. Rc3 Rb8 45. Ndf3 Nd7 46. Rc7 Rd8 47. Rb7 Nc5 48. Rxb5 Nbxd3 49.
Nxd3 Nxd3 50. Nxe5 $16) 41. Nb3 {Finally White is ready to use the c5-square
which was weakened by Black on move number 23.} Nxb4 {Instead of waiting
passively So decides to clear things up.} ({After} 41... Ra6 $5 {White can
play some useful move as Black is stuck} 42. h4 $14 (42. Nc5 Nxc5 43. bxc5 Qd7
44. Nxe5 Nxe5 45. Qxe5 Qxd3 46. Qxc7 Qxe4+ $11) 42... Kg8 43. Nc5 Nxc5 44. bxc5
Qd7 45. Nxe5 Nxe5 46. Qxe5 Qxd3 47. c6 $16) (41... Qxb4 42. Qxb4 Nxb4 43. Rxc7
{[%csl Rd7]} Rd6 44. d4 $16) 42. Qxc7 Kh7 (42... Nxd3 $2 43. Qd8+ Kh7 44. Rc8
$18) 43. d4 {Exchanging one weakness for another.} Qxc7 (43... exd4 $6 44.
Nfxd4 {[%csl Rb5]} Qxc7 (44... Na6 45. Qxd6 Rxd6 46. Nxb5) 45. Rxc7 Nf6 46. e5
Nfd5 47. Rd7 $16 {[%cal Gd7d6]}) 44. Rxc7 Nf6 {[%cal Gf6e4]} 45. Nc5 Na6 (45...
exd4 {had the potential to go into some complications} 46. Re7 (46. Nxd4 Na6
47. Nxa6 Rxa6 48. Kf3 Rb6 49. Kf4 b4 50. Nb3 Kg6 51. Ke5 Rb5+ 52. Kxe6 Nxe4) (
46. e5 Nfd5 47. Rc8 d3 48. Nd7 Rc6 $17) 46... d3 47. Nxe6 (47. Nd2 $142 {
[%csl Re6]} e5 48. Rxe5) 47... Ra6 48. Rxg7+ (48. Nxg7 Nc6 49. Rc7 Nxe4) 48...
Kh8 49. Re7 Nc6 50. Rc7 Nxe4) 46. Rc8 $1 {A very nice idea. In the post game
interview Karjakin said that he was very happy to have found this manoeuvre of
Nc5 and Rc8.} Nxc5 ({The point is that} 46... exd4 {can be answered by} 47. e5
$1 Nxc5 (47... Nd5 48. Nd7 $18 Rb7 49. Nf8+ Kg8 50. Nxe6+ $18) 48. exf6 Nd7 49.
f7 $18) 47. dxc5 Ra6 48. Nxe5 Nxe4 49. c6 {The passed pawn is too strong and
White is technically winning, although with knights on the board he has to be
careful of some tricks.} Ra2 (49... Nd6 50. Rd8 $18 {[%cal Gc6c7,Gc7c8]}) 50.
Kf3 Ng5+ $6 {Going after a corner and making White's task easy. Karjakin said
that he did not expect his opponent to go for the h3-pawn as the black knight
would remain out of play over there.} (50... Nf6 $142 51. Rb8 Ra3+ (51... Nd5
52. Rxb5) 52. Kg2 Rc3 53. Rxb5 $18) (50... Nxf2 51. c7 Rc2 52. Rb8 Rxc7 53.
Kxf2 $18) 51. Ke3 Nxh3 52. Rb8 Rc2 (52... Ra3+ 53. Kd4 Ra4+ 54. Kc5 Ra1 55. Kb6
$18) 53. f4 h5 54. Rxb5 Nf2 55. Kd4 Rd2+ (55... Ng4 56. Rc5 $18) 56. Kc5 Ne4+
57. Kb6 Rc2 58. c7 Nd6 59. Rb3 Ne8 60. Nc6 Nxc7 61. Kxc7 Rc4 62. Kd6 h4 63. Ne5
1-0